| 000 | 00860cam a22002891 4500 | ||
|---|---|---|---|
| 999 |
_c173126 _d173126 |
||
| 001 | 8262199 | ||
| 003 | Nust | ||
| 005 | 20180719063047.0 | ||
| 008 | 760830s1924 maubc 000 1 eng | ||
| 010 | _a 24018767 | ||
| 020 |
_a9781853262524 _cRs. 236 |
||
| 035 | _a(OCoLC)2404636 | ||
| 038 | _aArshad | ||
| 040 |
_aDLC _cOT _dViBlbV _dDLC |
||
| 050 | 0 | 0 |
_aPZ3.B851 _bThr _aPR6003.U13 |
| 082 |
_a823 _bBUC |
||
| 100 | 1 |
_aBuchan, John, _d1875-1940. _911829 |
|
| 245 | 1 | 4 |
_aThe three hostages, _cby John Buchan. |
| 260 |
_aBoston, _aNew York, _bHoughton Mifflin company, _c1924. |
||
| 300 |
_a261 p. _c20 cm. |
||
| 500 | _aSequel to Mr. Standfast. | ||
| 650 | 0 |
_aHannay, Richard (Fictitious character) _xFiction. _911830 |
|
| 655 | 7 |
_aSpy stories. _2gsafd _98087 |
|
| 906 |
_a7 _bcbc _coclcrpl _du _encip _f19 _gy-gencatlg |
||
| 942 |
_2ddc _cBK |
||